Normal view
MARC view
- Field, Andy P.
Entry Personal Name
001 - CONTROL NUMBER
- control field: 11340
003 - CONTROL NUMBER IDENTIFIER
- control field: NUST
005 - DATE AND TIME OF LATEST TRANSACTION
- control field: 20180702062508.0
008 - FIXED-LENGTH DATA ELEMENTS
- fixed length control field: 180702|| aca||aabn | a|a d
040 ## - CATALOGING SOURCE
- Original cataloging agency: NUST
- Transcribing agency: NUST
100 ## - HEADING--PERSONAL NAME
- Personal name: Field, Andy P.
670 ## - SOURCE DATA FOUND
- Source citation: Work cat.: (NUST)2952: Field, Andy P., Discovering statistics using IBM SPSS statistics :, 2013
